=LDR 00000nam 2200000 4500 =001 INLIS000000000000972 =005 20250314115752 =035 ##$$a 0010-1221000195 =245 1#$$a Sukses Dari Diri Sendiri : $b Panduan Mudah Mengenali dan Mengembangkan Potensi Diri /$c Ihab Majib =100 1#$$a MAJIB, Ihab =250 ##$$a Cet. 1, Juli =300 ##$$a xvi, 174 halaman : $b gambar ; $c 13x20 cm =856 ##$$a OPAC (Rak 2.3) =260 ##$$a Tangerang Selatan :$b Gemilang,$c 2019 =082 ##$$a 155.25 =084 ##$$a 155.25 MAJ s =020 ##$$a 978-623-7162-39-1 =650 #4$$a Motivasi, Psikologi =650 #4$$a Sumbangan Mahasiswa 2020 =008 250314################g##########0#ind## =520 ##$$a Setiap orang ingin meraih kesuksesan dalam hidupnya, di bidang masing-masing. Namun, kebanyakan orang seringkali mengeluh di tengah proses yang masih berjalan atau ketika berhadapan dengan rintangan eksternal yang mereka rasakan sulit, berat, dan mustahil dilewati. Ujungnya mereka putus asa, pesimis, tak mau berikhtiar lagi, mencari jalan baru, serta berpikir dalam sudut pandang lain. Keluhan tersebut sejatinya berakar pada ketidakmampuan seseorang untuk mengenali dan menguasai potensi besar dalam dirinya serta kekuatan luar biasa yang terpendam dan perlu dikembangkan. Pendek kata, ia belum selesai dengan diri sendiri. Jika mengelola dan memaksimalkan potensi diri sendiri saja tidak mampu, apalagi menaklukkan tantangan eksternal dari luar dirinya. Maka, mengenali dan mengembangkan potensi diri sendiri merupakan kunci utama kesuksesan. Buku ini menitikberatkan pada aspek diri (internal). Hal ini menyangkut pengenalan terhadap karakter, motivasi, keyakinan, tujuan, harapan dan habit diri sendiri sebelum berhadapan dengan aspek eksternal. Melalui buku ini penulis memandu jalan kita menuju kesuksesan dengan berbagai kiat dan langkah praktis untuk mengenali dan mengembangkan potensi diri kita secara maksimal. =990 ##$$a 067/SM-20 =990 ##$$a 050/SM-20